000 00623nam a22001817a 4500
999 _c12784
_d12784
008 250529b 2012 ||||| |||| 00| 0 eng d
020 _a2831894093
082 _a623
_bIEC
110 _aIEC - International Electrotechnical Commission
245 _aIEC 62388 International standard : Maritime Navigation and radiocommunication equipment and systems
250 _a1.0
260 _aGeneva, Switzerland
_bInternational Electrotechnical commission - IEC
_c2007-2012
300 _a202p.
650 _aRadar Performance
650 _aCCRP and own ship
650 _aOrientation, motion and stabilisation
942 _cBK